| 000 | 00563nam a2200181Ia 4500 | ||
|---|---|---|---|
| 008 | 090124s9999 xx 000 0 und d | ||
| 082 | _b108809 | ||
| 100 | _aवैद्य भालचंद्र. | ||
| 245 | _a बाल गोपाल कृष्ण | ||
| 250 | _a1 | ||
| 260 | _c1961 | ||
| 300 | _a40 | ||
| 600 | _aवैद्य भालचंद्र. | ||
| 630 | _a बाल गोपाल कृष्ण | ||
| 700 | _aवैद्य भालचंद्र. | ||
| 730 | _a बाल गोपाल कृष्ण | ||
| 942 | _cBOOK | ||
| 999 |
_c154900 _d154900 |
||